000 017200000a22003490004500
003 EG-GICUC
005 20250223025153.0
008 080324s2008 ua a f m 000 0 eng d
040 _aEG-GICUC
_beng
_cEG-GICUC
041 0 _aEng
049 _aDeposite
097 _aM.Sc
099 _aCai01.11.10.M.Sc.2008.Fa.S
100 0 _aFaisal Nouredien Mohamed
245 1 0 _aScanning and transmission electron microscopy of the scaly scalp in different dermatological diseases /
_cFaisal Nouredien Mohamed ; Supervised Amr Abdelhakim Rateb , Wafaa Elsaid Abdelaal , Rehab Mohammed Sobhi
246 1 5 _aالفحص الميكروسكوبى الاليكترونى المسحى والتداخلى لوسفات فروة الراس فى مختلف الامراض الجلدية
260 _aCairo :
_bFaisal Nouredien Mohamed ,
_c2008
300 _a139P. :
_bill. ;
_c25cm
502 _aThesis (M.Sc.) - Cairo University - Faculty Of Medicine - Department Of Dermatology and Venerology
520 _aThe scales of some scalp disorders were examined by scanning electron microscope (SEM) and transmission electron microscope (TEM) with the purpose of revealing importance of stratum cornuem in the diagnosis of these disorders and studing possible dermatoses of the scalp
530 _aIssued also as CD
653 4 _aScanning electron microscope
653 4 _aSeborrheic dermatitis
653 4 _aTransmission electron microscope
700 0 _aAmr Abdelhakim Rateb ,
_eSupervisor
700 0 _aRehab Mohammed Sobhi ,
_eSupervisor
700 0 _aWafaa Elsaid Abdelaal ,
_eSupervisor
856 _uhttp://172.23.153.220/th.pdf
905 _aMustafa
_eRevisor
905 _aNazla
_eCataloger
942 _2ddc
_cTH
999 _c7182
_d7182